[Event "Bagnoles de l'Orne"]
[Site "Bagnoles de l'Orne"]
[Date "2009.06.01"]
[Round "6"]
[White "Andrieu, Philippe"]
[Black "Roussette, Stephane"]
[Result "1/2-1/2"]
[WhiteElo "1914"]
[BlackElo "1734"]
[PlyCount "109"]
[EventDate "2009.05.30"]
[EventType "swiss"]
[EventRounds "6"]
[EventCountry "FRA"]
[SourceTitle "CBM 130 Extra"]
[Source "ChessBase"]
[SourceDate "2009.07.02"]
[SourceVersion "2"]
[SourceVersionDate "2009.07.15"]
[SourceQuality "1"]

1. d4 Nf6 2. Bg5 d5 3. e3 e6 4. Nd2 Be7 5. Ngf3 0-0 6. Bd3 h6 7. Bh4 b6 8. Ne5 Bb7 9. Bxf6 Bxf6 10. f4 Nd7 11. 0-0 c5 12. c3 c4 13. Bb1 Bxe5 14. fxe5 Qg5 15. Qe2 f5 16. exf6 Nxf6 17. Nf3 Qh5 18. Bc2 Ne4 19. Rae1 b5 20. Qd1 Rae8 21. Ne5 Qxd1 22. Rxd1 Rxf1+ 23. Rxf1 Nf6 24. b3 cxb3 25. axb3 Rc8 26. Rc1 Rc7 27. Bd3 a6 28. c4 dxc4 29. bxc4 bxc4 30. Rxc4 Rxc4 31. Bxc4 Bc8 32. Kf1 Kf8 33. Ke2 Ke7 34. Kd3 Bb7 35. Ng6+ Kd6 36. Nh4 Be4+ 37. Ke2 a5 38. Nf3 a4 39. g3 a3 40. Nd2 Bd5 41. Kd3 a2 42. Bxa2 Bxa2 43. e4 Ng4 44. Kc3 e5 45. h3 exd4+ 46. Kxd4 Nf2 47. h4 Bf7 48. Ke3 Ng4+ 49. Kf4 Ne5 50. g4 Be6 51. g5 Ng6+ 52. Kg3 hxg5 53. hxg5 Ke5 54. Kf3 Nf8 55. Ke3 1/2-1/2

[Event "Bagnoles de l'Orne"]
[Site "Bagnoles de l'Orne"]
[Date "2009.05.30"]
[Round "2"]
[White "Lebescond, Philippe"]
[Black "Roussette, Stephane"]
[Result "1/2-1/2"]
[WhiteElo "1588"]
[BlackElo "1734"]
[PlyCount "42"]
[EventDate "2009.05.30"]
[EventType "swiss"]
[EventRounds "6"]
[EventCountry "FRA"]
[SourceTitle "CBM 130 Extra"]
[Source "ChessBase"]
[SourceDate "2009.07.02"]
[SourceVersion "2"]
[SourceVersionDate "2009.07.15"]
[SourceQuality "1"]

1. e4 c5 2. Nf3 Nc6 3. c3 Qa5 4. Bc4 b5 5. Bxf7+ Kxf7 6. Ng5+ Ke8 7. Qf3 Ne5 8. Qg3 d6 9. f4 Nf7 10. 0-0 Nf6 11. e5 dxe5 12. Nxf7 exf4 13. Qf3 Rb8 14. Nxh8 e5 15. d4 Bg4 16. Qd3 e4 17. Qc2 g5 18. b4 cxb4 19. cxb4 Qb6 20. Bb2 Bxb4 21. Qb3 Be2 1/2-1/2